Sarah the Sunday fairy / (Record no. 28170)

MARC details
000 -LEADER
fixed length control field 01574cam a2200421Ia 4500
001 - CONTROL NUMBER
control field 243694752
003 - CONTROL NUMBER IDENTIFIER
control field SIRSI
005 - DATE AND TIME OF LATEST TRANSACTION
control field 20230613212129.0
008 - FIXED-LENGTH DATA ELEMENTS--GENERAL INFORMATION
fixed length control field 080813r20082006nyuab c 000 1 eng d
010 ## - LIBRARY OF CONGRESS CONTROL NUMBER
LC control number 2011288593
020 ## - INTERNATIONAL STANDARD BOOK NUMBER
International Standard Book Number 0545067626 (pbk.)
020 ## - INTERNATIONAL STANDARD BOOK NUMBER
International Standard Book Number 9780545067621 (pbk.)
020 ## - INTERNATIONAL STANDARD BOOK NUMBER
International Standard Book Number 9780545220781 (pbk.)
020 ## - INTERNATIONAL STANDARD BOOK NUMBER
International Standard Book Number 0545220785 (pbk.)
040 ## - CATALOGING SOURCE
Original cataloging agency IUK
Language of cataloging eng
Transcribing agency IUK
Modifying agency BAKER
-- CF8
-- WTX
-- BTCTA
-- DLC
-- IMT
-- OCLCQ
-- BDX
-- CRM
041 ## - LANGUAGE CODE
Language code of text/sound track or separate title eng
050 14 - LIBRARY OF CONGRESS CALL NUMBER
Classification number PZ7.M507
Item number Sr 2008
100 1# - MAIN ENTRY--PERSONAL NAME
Personal name Meadows, Daisy.
245 10 - TITLE STATEMENT
Title Sarah the Sunday fairy /
Statement of responsibility, etc. by Daisy Meadows.
250 ## - EDITION STATEMENT
Edition statement Paperback ed.
260 ## - PUBLICATION, DISTRIBUTION, ETC. (IMPRINT)
Place of publication, distribution, etc. New York :
Name of publisher, distributor, etc. Scholastic,
Date of publication, distribution, etc. [2008], c2006.
300 ## - PHYSICAL DESCRIPTION
Extent 68 p. :
Other physical details ill., map ;
Dimensions 20 cm.
500 ## - GENERAL NOTE
General note Rainbow magic: The fun day fairies ;v07.
500 ## - GENERAL NOTE
General note Rainbow magic ;42.
520 ## - SUMMARY, ETC.
Summary, etc. There's a flag missing and it belongs to Sarah the Sunday Fairy. Rachel and Kirsty will do anything to get it back, but so will Jack Frost.
521 1# - TARGET AUDIENCE NOTE
Target audience note Ages 6-9.
526 0# - STUDY PROGRAM INFORMATION NOTE
Program name Accelerated Reader/Renaissance Learning
Interest level LG
Reading level 4.6
Title point value 1.
650 #0 - SUBJECT ADDED ENTRY--TOPICAL TERM
Topical term or geographic name as entry element Tate, Kirsty (Fictitious character)
Form subdivision Juvenile fiction.
650 #0 - SUBJECT ADDED ENTRY--TOPICAL TERM
Topical term or geographic name as entry element Walker, Rachel (Fictitious character)
Form subdivision Juvenile fiction.
650 #0 - SUBJECT ADDED ENTRY--TOPICAL TERM
Topical term or geographic name as entry element Jack Frost (Legendary character)
Form subdivision Juvenile fiction.
650 #0 - SUBJECT ADDED ENTRY--TOPICAL TERM
Topical term or geographic name as entry element Fairies
Form subdivision Juvenile fiction.
650 #0 - SUBJECT ADDED ENTRY--TOPICAL TERM
Topical term or geographic name as entry element Flags
Form subdivision Juvenile fiction.
650 #0 - SUBJECT ADDED ENTRY--TOPICAL TERM
Topical term or geographic name as entry element Magic
Form subdivision Juvenile fiction.
655 #0 - INDEX TERM--GENRE/FORM
Genre/form data or focus term Fantasy fiction, Juvenile.
800 1# - SERIES ADDED ENTRY--PERSONAL NAME
Personal name Meadows, Daisy.
Title of a work Rainbow magic.
Name of part/section of a work Fun day fairies ;
Volume/sequential designation 07.
800 1# - SERIES ADDED ENTRY--PERSONAL NAME
Personal name Meadows, Daisy.
Title of a work Rainbow magic ;
Volume/sequential designation 42.
942 ## - ADDED ENTRY ELEMENTS (KOHA)
Koha item type Libro/Book
Holdings
Withdrawn status Lost status Damaged status Not for loan Home library Current library Shelving location Date acquired Inventory number Total Checkouts Full call number Barcode Date last seen Date checked out Price effective from Koha item type
        San Juan Del Sur -- Biblioteca San Juan Del Sur -- Biblioteca English 13/06/2023 Inventory date: 15-5-25 1 JF 30023169 11/02/2026 29/01/2026 13/06/2023 Libro/Book

Powered by Koha